000 005750000a22002170004500
003 LK-CoMWRAF
005 20231213152336.0
008 230817t1999 ||||| |||| 00| 0 eng d
020 _a8185107068
040 _aLK-CoMWRAF
_dLK-CoMWRAF
_eLK-CoMWRAF
041 _aeng
082 _a305.4
_bBHA
100 _aBhasin, Kamla
245 _aSome questions on feminism and its relevance in South Asia
260 _aNew Delhi:
_bKali for Women
_c1999
300 _a46 p.
650 _aFeminism- South Asia
650 _aFeminists
700 _aKhan, Nighat Said
942 _cBK
999 _c2355
_d2355